00841nab a22001697a 4500003000400000005001700004008004100021040000800062041000800070044000800078100013700086245014900223260001000372500006000382700013700442773009200579BPK20191005115521.0160811b2007 gw ||||| |||| 00| ||eng  cBPK aeng aDEU aAndriyevskyy, BohdaneAutord2001 - .bPolitechnika Koszalińska - Wydział Elektroniki i Informatyki,cKatedra Podstaw Elektroniki aBand structure and optical spectra of RbNH4SO4 crystals /cB. Andriyevsky, W. Ciepluch-Trojanek, V. Stadnyk, M. Tuzyak, M. Romanyuk, V. Kutlyak. c2007. aDane z listy publikacji prof. Bohdana Andriyevskyy'ego. aCIEPLUCH-TROJANEK, Wioleta.d1999 - .bPolitechnika Koszalińska - Wydział Elektroniki i Informatyki,cKatedra Podstaw Elektroniki iW :tJournal of Physics and Chemistry of Solids. -g2007, Vol. 68, no 10, pp. 1892-1896